Pacáková, Viera a kolektív: Štatistika pre ekonómov. Bratislava: IURA EDITION, 2003. 358 s.
Enregistré dans:
| Auteur principal: | |
|---|---|
| Format: | Chapitre de livre |
| Langue: | slovaque |
| Tags: |
Pas de tags, Soyez le premier à ajouter un tag!
|
MARC
| LEADER | 00000naa$a2200000$$$4500 | ||
|---|---|---|---|
| 001 | 0065254 | ||
| 005 | 20240502071754.3 | ||
| 041 | 0 | |a slo | |
| 044 | |a SK | ||
| 245 | 1 | 0 | |a Pacáková, Viera a kolektív: Štatistika pre ekonómov. Bratislava: IURA EDITION, 2003. 358 s. |c Daniela Sivašová |
| 100 | 1 | |a Sivašová, Daniela, 1955- | |